Starter Pokemon - Statistics

General Stats
  • This quiz has been taken 258 times
  • The average score is 48 of 115
Answer Stats
Hint Answer % Correct
Gen 1 Charmander
93%
Gen 1 Bulbasaur
92%
Gen 1 Squirtle
90%
Gen 1 Charizard
87%
G-Max Gigantamax Charizard
87%
Mega Mega Charizard X
87%
Mega Mega Charizard Y
87%
Gen 1 Charmeleon
84%
G-Max Gigantamax Pikachu
84%
Let's Go Partner Pikachu
84%
Gen 1 Pikachu
84%
G-Max Gigantamax Blastoise
83%
Mega Mega Blastoise
83%
Gen 1 Blastoise
82%
G-Max Gigantamax Venusaur
82%
Gen 1 Ivysaur
82%
Mega Mega Venusaur
82%
Gen 1 Venusaur
82%
Gen 1 Wartortle
78%
G-Max Gigantamax Eevee
66%
Let's Go Partner Eevee
66%
Gen 1 Eevee
65%
Gen 2 Chikorita
55%
Gen 3 Torchic
55%
Gen 2 Totodile
55%
Gen 3 Blaziken
53%
Gen 2 Cyndaquil
53%
Mega Mega Blaziken
53%
Gen 3 Mudkip
53%
Gen 2 Meganium
51%
R. Var Hisuian Typhlosion
49%
Gen 2 Typhlosion
49%
Gen 2 Bayleef
48%
Gen 4 Piplup
48%
Gen 4 Chimchar
47%
Gen 3 Treecko
47%
Gen 4 Turtwig
46%
Gen 2 Feraligatr
45%
Mega Mega Sceptile
45%
Gen 2 Quilava
45%
Gen 3 Sceptile
45%
Mega Mega Swampert
44%
Gen 3 Swampert
44%
Gen 5 Tepig
43%
Gen 4 Infernape
42%
R. Var Alolan Raichu
41%
Gen 2 Croconaw
41%
Gen 4 Empoleon
41%
Gen 3 Combusken
40%
Raichu
40%
Gen 4 Torterra
40%
Gen 3 Grovyle
37%
Gen 3 Marshtomp
37%
Gen 5 Snivy
37%
Anime Ash-Greninja
36%
Gen 6 Greninja
36%
Gen 5 Oshawott
36%
Gen 4 Monferno
35%
Gen 4 Prinplup
35%
Gen 6 Froakie
34%
Gen 5 Emboar
33%
Flareon
32%
Gen 4 Grotle
32%
Gen 7 Rowlet
32%
Jolteon
31%
Gen 7 Litten
31%
Umbreon
31%
Gen 6 Chespin
30%
Espeon
30%
Gen 6 Fennekin
30%
R. Var Hisuian Samurott
30%
Pichu
30%
Gen 5 Samurott
30%
Vaporeon
30%
Gen 5 Dewott
29%
Gen 7 Incineroar
29%
Leafeon
29%
Gen 7 Decidueye
28%
Glaceon
28%
R. Var Hisuian Decidueye
28%
Gen 5 Pignite
28%
Gen 5 Serperior
28%
Sylveon
28%
Gen 6 Delphox
27%
Gen 6 Frogadier
26%
Gen 7 Primarina
26%
Gen 5 Servine
26%
Gen 6 Chesnaught
25%
Gen 8 Grookey
25%
Gen 8 Sobble
25%
G-Max Gigantamax Inteleon
24%
Gen 8 Inteleon
24%
Gen 7 Popplio
24%
Gen 7 Dartrix
23%
Gen 7 Torracat
23%
Gen 8 Scorbunny
22%
Gen 6 Braixen
21%
G-Max Gigantamax Rillaboom
21%
Gen 6 Quilladin
21%
Gen 8 Rillaboom
21%
Gen 8 Cinderace
20%
G-Max Gigantamax Cinderace
20%
Gen 9 Fuecoco
19%
Gen 9 Meowscarada
19%
Gen 8 Raboot
18%
Gen 9 Sprigatito
18%
Gen 8 Thwackey
17%
Gen 7 Brionne
16%
Gen 9 Quaxly
15%
Gen 8 Drizzile
14%
Gen 9 Skeledirge
14%
Gen 9 Quaquaval
12%
Gen 9 Crocalor
11%
Gen 9 Floragato
11%
Gen 9 Quaxwell
11%
No matching quizzes found
Score Distribution
Percent of People with Each Score
Percentile by Number Answered
Your Score History
You have not taken this quiz